Ius Romanum Medii Aevi.
Salvato in:
| Natura: | Libro |
|---|---|
| Lingua: | inglese |
| Pubblicazione: |
Mediolani, Italia:
Typis Giuffré,
1965.
|
| Soggetti: | |
| Tags: |
Aggiungi Tag
Nessun Tag, puoi essere il primo ad aggiungerne!!
|
MARC
| LEADER | 00000nam a22000007a 4500 | ||
|---|---|---|---|
| 003 | CL-VaPUC | ||
| 005 | 20220822114720.0 | ||
| 008 | 220725t1965 ||||| |||| 00| 0 eng d | ||
| 999 | |c 437524 |d 437522 | ||
| 040 | |c Pontificia Universidad Católica de Valparaíso | ||
| 082 | |2 22 |a 340.54 IUS 1965 | ||
| 245 | |a Ius Romanum Medii Aevi. | ||
| 260 | |a Mediolani, Italia: |b Typis Giuffré, |c 1965. | ||
| 300 | |a 57 páginas. | ||
| 500 | |a c.1 Volumen I, parte 2b aa B. Donación Familia Prof. Alejandro Guzmán Brito. | ||
| 508 | |a Collegio Antiqui Iuris Studiis Provehendis Societé D'Histoire des Droits de L'Antiqué. | ||
| 583 | |c 20220725 |k Yessy Sthefany Diaz Vidal | ||
| 650 | 0 | |9 255930 |a Derecho romano | |
| 650 | 0 | |9 314261 |a Derecho medieval | |
| 942 | |2 ddc |c BK |n 0 | ||
| 952 | |0 0 |1 0 |2 ddc |4 0 |6 340_540000000000000_IUS_1965 |7 0 |8 C_AGB |9 585295 |a BIBDER |b BIBDER |d 2022-07-25 |e Donación |h p.I |i 5653280 |o 340.54 IUS 1965 |p 5653280 |r 2023-01-25 |t 1 |w 2022-07-25 |y BK_US |k AGB | ||